LEADER 01094cam2 22002771 450 001 SOBE00084919 005 20251028163325.0 010 $a9788876427954 100 $a20251028d2025 |||||ita|0103 ba 101 $aita 102 $aIT 200 0 $a13: 11 settembre-31 ottobre 1526$fFrancesco Guicciardini 210 $aPisa$cEdizioni della Normale$a[Firenze]$cIstituto nazionale di studi sul Rinascimento$d2025 215 $a458 p.$d25 cm 225 2 $aClavis$v21 410 1$1001SOBE00084828$12001 $a*Clavis$v21 461 1$1001SOBE00084663$12001 $a<>lettere / Francesco Guicciardini ; edizione critica a cura di Pierre Jodogne ; [poi] edizione critica a cura di Pierre Jodogne e Paola Moreno$v13 801 0$aIT$bUNISOB$c20251028$gRICA 850 $aUNISOB 852 $aUNISOB$j900$m186417 912 $aSOBE00084919 940 $aM 102 Monografia moderna SBN 941 $aW 957 $a900$b005810$i-13$gSI$d186417$n20251024$racquisto$tV$1menle$2UNISOB$3UNISOB$420251028163239.0$520251028163325.0$6menle 996 $a13: 11 settembre-31 ottobre 1526$94448398 997 $aUNISOB